000 00590nam a2200241 a 4500
001 nice12345678
003 IN_TiNIC
005 20260116012813.0
008 050524s1859 newa grp 000 0 eng
020 _a
_c100
082 0 0 _a269.2
_bHUM
100 _aHumphrey, Heman
245 _aRevival, Sketches and Manual.
260 _aNew York
_bAmerican Tract Society
_c1859
300 _a476p
500 _aincludes index and biblioraphy
505 2 _aBibliography
650 _aEvangelistic Work
700 1 _aHumphrey, Heman
902 _bSRS
942 _cBK
999 _c8441
_d8441